Краткие наставления шоссейно-дорожным мастерам при ремонте шоссе

Bibliografiske detaljer
Andre forfattere: Смирнов Н. (составитель)
Summary:Текст в русской дореформенной орфографии
Sprog:russisk
Udgivet: Москва, Типо-литография т-ва И. Н. Кушнерева, 1899
Fag:
Format: MixedMaterials Bog
KOHA link:https://koha.lib.tpu.ru/cgi-bin/koha/opac-detail.pl?biblionumber=377030

MARC

LEADER 00000nam0a2200000 4500
001 377030
005 20231102012855.0
035 |a (RuTPU)RU\TPU\retro\34476 
090 |a 377030 
100 |a 20230203d1899 m y0rusy50 ca 
101 0 |a rus 
102 |a RU 
105 |a af z 001zy 
200 1 |a Краткие наставления шоссейно-дорожным мастерам при ремонте шоссе  |f сост. Н. Смирнов 
210 |a Москва  |c Типо-литография т-ва И. Н. Кушнерева  |d 1899 
215 |a 91 с.  |c ил.  |e 10 л. черт. 
300 |a Текст в русской дореформенной орфографии 
606 1 |a Дорожные работы  |2 stltpush  |3 (RuTPU)RU\TPU\subj\10069  |9 37203 
610 1 |a дорожно-строительные работы 
610 1 |a ремонт 
610 1 |a дороги 
610 1 |a ремонтные работы 
610 1 |a строительные материалы 
610 1 |a земляные работы 
610 1 |a наставления 
610 1 |a шоссейные дороги 
610 1 |a шоссейные работы 
610 1 |a сваи 
675 |a 625.8  |v 4 
702 1 |a Смирнов  |b Н.  |4 220 
801 1 |a RU  |b 63413507  |c 20230203 
801 2 |a RU  |b 63413507  |c 20230627  |g RCR 
942 |c BK